000 00294nam a22001337a 4500
008 170715b xxu||||| |||| 00| 0 eng d
020 _a9780767400480
041 _aeng
080 _22ND
_a572
100 _a24
101 _aANT
245 _aCALSSICAL MYTHOLOGY
_cHARRIS,S.L
942 _2udc
_cBK
999 _c21136
_d21136